<The> causes, costs and compensations of inflation <an> investigation of three problems in monetary theory
Salvato in:
| Autore principale: | |
|---|---|
| Natura: | Libro |
| Lingua: | inglese |
| Pubblicazione: |
Cheltenham
Edward Elgar
2007
|
| Soggetti: | |
| Tags: |
Nessun Tag, puoi essere il primo ad aggiungerne!!
|
MARC
| LEADER | 00000nam a2200000 4500 | ||
|---|---|---|---|
| 001 | 0167789 | ||
| 005 | 20240312115457.9 | ||
| 020 | |a 978-1-84844-467-6 | ||
| 020 | |a 978-1-84542-484-8 | ||
| 041 | 0 | |a eng | |
| 044 | |a GB | ||
| 245 | 1 | 0 | |a <The> causes, costs and compensations of inflation |b <an> investigation of three problems in monetary theory |c William Oliver Coleman |
| 264 | 1 | |a Cheltenham |b Edward Elgar |c 2007 | |
| 300 | |a viii, 260 s. | ||
| 610 | 2 | 0 | |a inflácia |
| 610 | 2 | 0 | |a mena |
| 610 | 2 | 0 | |a peniaze |
| 610 | 2 | 0 | |a teória peňažná |
| 610 | 2 | 0 | |a teória inflácie |
| 100 | 1 | |a Coleman, William Oliver | |